000 00741nam a2200205Ii 4500
003 JO-AjNU
008 230605s9999||||xx |||||||||||||| ||und||
017 _a1981/1064
040 _aJO-AjNU
_bara
_erda
_cJO-AjNU
041 _aara
050 1 4 _aHB885.A77.1981
100 3 _aتأليف: آثر،نورما ماك ؛ تعريب عبدالحليم محمد سعيد القيسي,
_eauthor
_910058
245 0 0 _aمدخل في الاحصاءات السكانية
264 3 1 _aبغداد:وزارة التعليم العالي والبحث العلمي ،1981
300 _a226
336 _atext
_btxt
_2rdacontent
337 _aunmediated
_bn
_2rdamedia
338 _avolume
_bnc
_2rdacarrier
650 4 _aالسكان-احصاءات
_910059
999 _aA1615
_c5183
_d5183